[Event "European zonal 2"]
[Site "Helsinki FIN"]
[Date "1972.??.??"]
[Round "1"]
[White "Gheorghiu, Florin"]
[Black "Radulov, Ivan"]
[Result "1/2-1/2"]
[WhiteElo "2520"]
[BlackElo "2490"]
[EventDate "1972.07.25"]
[PlyCount "71"]

1.Nf3 d5 2.c4 dxc4 3.e3 Nf6 4.Bxc4 e6 5.O-O c5 6.d4 a6 7.a4 Nc6 8.Qe2 Qc7 
9.Nc3 Bd6 10.Rd1 e5 11.Nd5 Nxd5 12.Bxd5 O-O 13.dxe5 Nxe5 14.Nxe5 Bxe5 15.
f4 Bf6 16.Ra3 Re8 17.e4 Bd4+ 18.Be3 Be6 19.Bxe6 Rxe6 20.e5 Rae8 21.Qc4 
Bxe3+ 22.Rxe3 Rb6 23.f5 Rb4 24.Qe2 Rd4 25.Rf1 Qd8 26.e6 f6 27.Qh5 Re7 28.
Rh3 h6 29.Rg3 Kh8 30.b3 Qd5 31.Qf3 Qxf3 32.Rgxf3 g6 33.fxg6 Rxe6 34.Rxf6 
Rxf6 35.Rxf6 Rb4 36.Rf5 1/2-1/2

[Event "European zonal 2"]
[Site "Helsinki FIN"]
[Date "1972.??.??"]
[Round "1"]
[White "Hecht, Hans-Joachim"]
[Black "Saren, Ilkka"]
[Result "1-0"]
[WhiteElo "2485"]
[BlackElo "2200"]
[EventDate "1972.07.25"]
[PlyCount "81"]

1.e4 e5 2.Nf3 Nc6 3.Bb5 a6 4.Ba4 Nf6 5.O-O Be7 6.Bxc6 dxc6 7.Re1 Bg4 8.h3 
Bxf3 9.Qxf3 O-O 10.d3 Nd7 11.Nd2 Bf6 12.Nc4 g6 13.Bh6 Bg7 14.Bxg7 Kxg7 15.
Rad1 c5 16.c3 Qe7 17.Qg3 Qe6 18.b3 b5 19.Ne3 Nf6 20.Nd5 Nh5 21.Qe3 Qd6 22.
d4 cxd4 23.cxd4 Nf6 24.Nxf6 Qxf6 25.dxe5 Qxe5 26.Rd5 Qb2 27.Rd2 Qe5 28.f4 
Qe7 29.Rc2 Rfd8 30.Rc6 Rd7 31.f5 Qb4 32.f6+ Kg8 33.e5 Qd2 34.Qxd2 Rxd2 35.
Rxc7 Rad8 36.Rec1 h5 37.Rc8 g5 38.Rxd8+ Rxd8 39.Rc6 Rd5 40.Rc8+ Kh7 41.e6 
1-0

[Event "European zonal 2"]
[Site "Helsinki FIN"]
[Date "1972.??.??"]
[Round "1"]
[White "Matanovic, Aleksandar"]
[Black "Hennings, Artur"]
[Result "1/2-1/2"]
[WhiteElo "2515"]
[BlackElo "2475"]
[EventDate "1972.07.25"]
[PlyCount "72"]

1.e4 e5 2.Nf3 Nc6 3.Bb5 a6 4.Ba4 Nf6 5.O-O Be7 6.Re1 b5 7.Bb3 d6 8.c3 O-O 
9.h3 Nb8 10.d3 Nbd7 11.Nbd2 Bb7 12.Nf1 Nc5 13.Bc2 Re8 14.Ne3 Bf8 15.b4 
Ncd7 16.Bb3 h6 17.c4 c5 18.a3 cxb4 19.axb4 bxc4 20.Bxc4 d5 21.Nxd5 Nxd5 
22.exd5 Bxb4 23.Bd2 Bxd2 24.Qxd2 Nf6 25.Nxe5 Bxd5 26.Qf4 Qd6 27.Qd4 Red8 
28.Ra5 Bxc4 29.Qxc4 Qe6 30.Qxe6 fxe6 31.f4 Rd4 32.Rea1 Nd7 33.Rxa6 Rxa6 
34.Rxa6 Nxe5 35.fxe5 Rxd3 36.Rxe6 Rd5 1/2-1/2

[Event "European zonal 2"]
[Site "Helsinki FIN"]
[Date "1972.??.??"]
[Round "1"]
[White "Matulovic, Milan"]
[Black "Andersson, Ulf"]
[Result "0-1"]
[WhiteElo "2525"]
[BlackElo "2510"]
[EventDate "1972.07.25"]
[PlyCount "80"]

1.e4 g6 2.d4 Bg7 3.Nc3 d6 4.f4 c6 5.Nf3 Bg4 6.Be2 Qb6 7.e5 Nh6 8.Ne4 Nf5 
9.c3 Nd7 10.Nfg5 Bxe2 11.Qxe2 d5 12.e6 dxe4 13.exd7+ Kf8 14.Nxe4 h5 15.O-O
Rd8 16.Be3 Rxd7 17.Bf2 Qc7 18.g3 b6 19.a4 Nd6 20.a5 Nxe4 21.Qxe4 Bf6 22.
axb6 axb6 23.Ra6 Kg7 24.f5 Qb7 25.Rfa1 c5 26.Qxb7 Rxb7 27.fxg6 cxd4 28.
cxd4 Kxg6 29.Rc1 Rd8 30.Rc4 e6 31.Kg2 b5 32.Rb4 Rd5 33.Kf3 Rf5+ 34.Ke2 Rc7
35.Be3 Rc2+ 36.Kd3 Rxh2 37.Ke4 Re2 38.Ra8 Kh7 39.Rb3 Bg5 40.Ra2 Rf1 0-1

[Event "European zonal 2"]
[Site "Helsinki FIN"]
[Date "1972.??.??"]
[Round "1"]
[White "Ribli, Zoltan"]
[Black "Torvaldsson, Jonas"]
[Result "1-0"]
[WhiteElo "2505"]
[BlackElo "2390"]
[EventDate "1972.07.25"]
[PlyCount "81"]

1.e4 c5 2.Nf3 e6 3.d4 cxd4 4.Nxd4 a6 5.Bd3 Qc7 6.O-O Nc6 7.Nxc6 Qxc6 8.b3 
b6 9.Bb2 Bb7 10.Nd2 Nf6 11.Qe2 d6 12.c4 e5 13.f4 Be7 14.Kh1 O-O 15.fxe5 
dxe5 16.Bxe5 Rad8 17.Bc3 Qd7 18.Bc2 Qg4 19.Rae1 b5 20.Rf3 b4 21.Bb2 Qg5 
22.Nf1 Bc8 23.Ne3 Bg4 24.Nxg4 Nxg4 25.Bc1 Qh4 26.g3 Qh5 27.Rf5 Qh3 28.Qg2 
Qxg2+ 29.Kxg2 g6 30.Ra5 f6 31.Rxa6 Ra8 32.Rxa8 Rxa8 33.Bb1 Rd8 34.h3 Ne5 
35.Kf2 g5 36.Ke2 h5 37.Be3 g4 38.hxg4 Nxg4 39.Bf4 Bc5 40.Rh1 f5 41.Rxh5 
1-0

[Event "European zonal 2"]
[Site "Helsinki FIN"]
[Date "1972.??.??"]
[Round "1"]
[White "Schmidt, Wlodzimierz"]
[Black "Jakobsen, Ole"]
[Result "1-0"]
[WhiteElo "2450"]
[BlackElo "2310"]
[EventDate "1972.07.25"]
[PlyCount "53"]

1.Nf3 Nf6 2.c4 e6 3.g3 b6 4.Bg2 Bb7 5.O-O Be7 6.Nc3 O-O 7.d3 d5 8.cxd5 
exd5 9.Nd4 Qc8 10.e4 dxe4 11.dxe4 Rd8 12.Nf5 Bf8 13.Qf3 Nbd7 14.Bg5 Re8 
15.Qf4 Re6 16.Nd4 Bd6 17.Qh4 Re8 18.Rad1 a6 19.Rfe1 Qb8 20.Nf5 Bf8 21.Bxf6
Nxf6 22.e5 Bxg2 23.exf6 Bf3 24.fxg7 Bxg7 25.Nxg7 Kxg7 26.Qg5+ Kf8 27.Qf6 
1-0

[Event "European zonal 2"]
[Site "Helsinki FIN"]
[Date "1972.??.??"]
[Round "1"]
[White "Timman, Jan"]
[Black "Robatsch, Karl"]
[Result "1/2-1/2"]
[WhiteElo "2325"]
[BlackElo "2460"]
[EventDate "1972.07.25"]
[PlyCount "73"]

1.Nf3 c5 2.c4 Nf6 3.Nc3 d5 4.cxd5 Nxd5 5.g3 Nxc3 6.bxc3 g6 7.Bg2 Bg7 8.O-O
O-O 9.Rb1 Nd7 10.c4 Qc7 11.d3 Rb8 12.Bf4 e5 13.Bd2 b6 14.Ng5 Bb7 15.Ne4 f5
16.Nc3 Bxg2 17.Kxg2 Qb7+ 18.e4 Rf7 19.a4 Nf8 20.a5 Ne6 21.Nd5 Qd7 22.f3 
Rbf8 23.axb6 axb6 24.Rxb6 fxe4 25.dxe4 Nd4 26.Be3 Nxf3 27.Rxf3 Qg4 28.Nf4 
exf4 29.h3 Qxf3+ 30.Kxf3 fxe3+ 31.Kg4 Bd4 32.Qd3 Rf2 33.e5 R2f5 34.h4 Rxe5
35.Rxg6+ hxg6 36.Qxg6+ Kh8 37.Qh6+ 1/2-1/2

[Event "European zonal 2"]
[Site "Helsinki FIN"]
[Date "1972.??.??"]
[Round "1"]
[White "Westerinen, Heikki"]
[Black "Ogaard, Leif"]
[Result "1-0"]
[WhiteElo "2450"]
[BlackElo "2340"]
[EventDate "1972.07.25"]
[PlyCount "81"]

1.e4 c6 2.d4 d5 3.Nc3 dxe4 4.Nxe4 Bf5 5.Ng3 Bg6 6.h4 h6 7.Nf3 Nd7 8.h5 Bh7
9.Bd3 Bxd3 10.Qxd3 e6 11.Qe2 Qc7 12.Bd2 O-O-O 13.O-O-O Ngf6 14.Ne5 Nb8 15.
Rh4 Bd6 16.Re1 Na6 17.Nf1 c5 18.Nc4 Nd5 19.Ba5 Nb6 20.dxc5 Bxc5 21.Nxb6+ 
axb6 22.Bc3 Qc6 23.b4 Qd5 24.Rc4 b5 25.Ne3 Qc6 26.Rxc5 Nxc5 27.bxc5 Qxc5 
28.Bxg7 Rhg8 29.Bb2 Rd6 30.Rd1 Rxd1+ 31.Qxd1 Rd8 32.Qe2 f5 33.g3 Rd6 34.a3
Ra6 35.Kb1 Ra4 36.Nd1 Re4 37.Qd2 Qc4 38.Qxh6 Re1 39.Qd2 Rh1 40.h6 Qf1 41.
Kc1 1-0

[Event "European zonal 2"]
[Site "Helsinki FIN"]
[Date "1972.??.??"]
[Round "2"]
[White "Andersson, Ulf"]
[Black "Matanovic, Aleksandar"]
[Result "0-1"]
[WhiteElo "2510"]
[BlackElo "2515"]
[EventDate "1972.07.25"]
[PlyCount "83"]

1.Nf3 Nf6 2.g3 d5 3.Bg2 Bg4 4.Ne5 Be6 5.d4 g6 6.O-O c6 7.Nd2 Bg7 8.b3 Nbd7
9.Nd3 Bf5 10.Bb2 O-O 11.Re1 Re8 12.e3 Qc7 13.Qe2 Ne4 14.g4 Nxd2 15.gxf5 
Ne4 16.f3 Nd6 17.fxg6 hxg6 18.Bh3 e6 19.e4 dxe4 20.fxe4 c5 21.e5 Nb5 22.
dxc5 Nxc5 23.Nf2 a6 24.Bg2 Rad8 25.Qc4 Qb6 26.Rad1 Nd6 27.exd6 Bxb2 28.b4 
Nd7 29.Qc7 Qxb4 30.Re4 Qa3 31.Nd3 Bg7 32.Rb4 Ne5 33.Nxe5 Bxe5 34.Rxb7 Qe3+
35.Kf1 Qf4+ 36.Ke2 Bxd6 37.Qc6 Qxh2 38.Rdb1 Qe5+ 39.Qe4 Rc8 40.Qxe5 Bxe5 
41.Be4 a5 42.Rg1 0-1

[Event "European zonal 2"]
[Site "Helsinki FIN"]
[Date "1972.??.??"]
[Round "2"]
[White "Hecht, Hans-Joachim"]
[Black "Gheorghiu, Florin"]
[Result "1/2-1/2"]
[WhiteElo "2485"]
[BlackElo "2520"]
[EventDate "1972.07.25"]
[PlyCount "46"]

1.e4 g6 2.d4 Bg7 3.Nc3 d6 4.Be3 c6 5.Qd2 b5 6.Bd3 Nd7 7.Nf3 Bb7 8.O-O Qc7 
9.Rfe1 e5 10.d5 a6 11.a4 b4 12.dxc6 Bxc6 13.Ne2 a5 14.c3 Qb7 15.cxb4 Ngf6 
16.bxa5 Nxe4 17.Bxe4 Bxe4 18.Qxd6 Bf8 19.Qd2 Bb4 20.Nc3 Bxf3 21.gxf3 Qxf3 
22.Bh6 Qg4+ 23.Kh1 Qf3+ 1/2-1/2

[Event "European zonal 2"]
[Site "Helsinki FIN"]
[Date "1972.??.??"]
[Round "2"]
[White "Hennings, Artur"]
[Black "Timman, Jan"]
[Result "1/2-1/2"]
[WhiteElo "2475"]
[BlackElo "2325"]
[EventDate "1972.07.25"]
[PlyCount "64"]

1.e4 c5 2.Nf3 e6 3.d4 cxd4 4.Nxd4 a6 5.Bd3 Bc5 6.Nb3 Bb6 7.O-O Nc6 8.Qe2 
d6 9.N1d2 Nf6 10.Nc4 Bc7 11.Bg5 O-O 12.Rad1 h6 13.Bh4 b5 14.Ne3 Ne5 15.f4 
Ng6 16.Bxf6 Qxf6 17.f5 Ne5 18.fxe6 Qxe6 19.Nd5 Bd8 20.Nd4 Qg4 21.Nf5 Bxf5 
22.Rxf5 Qxe2 23.Bxe2 g6 24.Rff1 Kg7 25.c3 Re8 26.g3 h5 27.h4 Rb8 28.Rfe1 
Nd7 29.Bf3 Nc5 30.Kg2 a5 31.Nf4 Rb6 32.Re2 Re5 1/2-1/2

[Event "European zonal 2"]
[Site "Helsinki FIN"]
[Date "1972.??.??"]
[Round "2"]
[White "Ogaard, Leif"]
[Black "Schmidt, Wlodzimierz"]
[Result "1/2-1/2"]
[WhiteElo "2340"]
[BlackElo "2450"]
[EventDate "1972.07.25"]
[PlyCount "60"]

1.d4 Nf6 2.c4 g6 3.Nc3 d5 4.Bg5 Ne4 5.Bh4 c5 6.e3 Nxc3 7.bxc3 Bg7 8.cxd5 
Qxd5 9.Qf3 Qd8 10.Bb5+ Nd7 11.Ne2 cxd4 12.exd4 O-O 13.O-O a6 14.Bd3 Qc7 
15.Rab1 e5 16.Be4 Ra7 17.Bd5 Nb6 18.Be7 Qxe7 19.Rxb6 exd4 20.Nxd4 Qc5 21.
Rfb1 Bxd4 22.cxd4 Qxd4 23.Qb3 Bf5 24.Rd1 Qc5 25.Bxf7+ Rxf7 26.Rd8+ Kg7 27.
Qb2+ Kh6 28.Qd2+ Kg7 29.Qb2+ Kh6 30.Qd2+ Kg7 1/2-1/2

[Event "European zonal 2"]
[Site "Helsinki FIN"]
[Date "1972.??.??"]
[Round "2"]
[White "Radulov, Ivan"]
[Black "Ribli, Zoltan"]
[Result "1/2-1/2"]
[WhiteElo "2490"]
[BlackElo "2505"]
[EventDate "1972.07.25"]
[PlyCount "134"]

1.c4 g6 2.Nc3 c5 3.g3 Bg7 4.Bg2 Nc6 5.e3 e5 6.Nge2 Nge7 7.O-O O-O 8.d3 a6 
9.b3 b5 10.Bb2 Rb8 11.Qd2 d6 12.Rac1 h5 13.Nd5 Bb7 14.Rfd1 Nxd5 15.Bxd5 b4
16.d4 Qe7 17.Bg2 Rbd8 18.Qc2 f5 19.dxc5 dxc5 20.Rxd8 Rxd8 21.Bd5+ Kh7 22.
e4 f4 23.gxf4 exf4 24.Bxg7 Kxg7 25.Kh1 Rf8 26.f3 Ne5 27.Ng1 Bc8 28.a3 bxa3
29.Ra1 g5 30.Rxa3 g4 31.Qf2 Qg5 32.Qxc5 g3 33.Ra2 Ng6 34.Rg2 Nh4 35.Qa7+ 
Kh6 36.Qb6+ Qf6 37.Qxf6+ Rxf6 38.Rc2 g2+ 39.Rxg2 Nxg2 40.Kxg2 Rb6 41.c5 
Rb5 42.Ne2 Rxc5 43.Nxf4 h4 44.Kf2 Rc2+ 45.Ne2 a5 46.Ke3 Ba6 47.Nd4 Rxh2 
48.e5 h3 49.e6 Rh1 50.f4 Rb1 51.e7 h2 52.Kf2 Rf1+ 53.Kg3 Re1 54.Kxh2 Kg6 
55.Be6 Bb5 56.f5+ Kf6 57.Nxb5 Kxe7 58.Nd4 Kf6 59.Kg3 Re4 60.Nc6 a4 61.bxa4
Rxa4 62.Kf3 Kg5 63.Ke3 Kf6 64.Nd4 Ke5 65.Nf3+ Kf6 66.Nd2 Ke5 67.Bb3 Rf4 
1/2-1/2

[Event "European zonal 2"]
[Site "Helsinki FIN"]
[Date "1972.??.??"]
[Round "2"]
[White "Robatsch, Karl"]
[Black "Westerinen, Heikki"]
[Result "1-0"]
[WhiteElo "2460"]
[BlackElo "2450"]
[EventDate "1972.07.25"]
[PlyCount "117"]

1.e4 Nf6 2.e5 Nd5 3.Nc3 Nxc3 4.dxc3 d6 5.Bf4 dxe5 6.Qxd8+ Kxd8 7.O-O-O+ 
Bd7 8.Bxe5 Nc6 9.Bg3 e5 10.Bc4 f6 11.Nf3 Bd6 12.Nd2 Ne7 13.f3 Nf5 14.Bf2 
h5 15.Ne4 Ke7 16.Bd5 Bc8 17.c4 c6 18.Bxc6 bxc6 19.Nxd6 Nxd6 20.Bc5 Rd8 21.
Rxd6 Rxd6 22.Rd1 Bd7 23.Rxd6 Kd8 24.Rd3 Ke8 25.Rb3 Bc8 26.Kd2 a6 27.Rb6 
Bd7 28.Rb7 g6 29.Kc3 Kd8 30.Bb6+ Ke7 31.Kb4 f5 32.Bc7 e4 33.Bf4 Ke6 34.h4 
Be8 35.Bg5 Kd6 36.fxe4 fxe4 37.Re7 c5+ 38.Kc3 Bc6 39.Rg7 Be8 40.Kd2 Ke5 
41.Rc7 Rb8 42.b3 Rb6 43.Rxc5+ Kd6 44.Rd5+ Ke6 45.Bf4 Kf7 46.Ke3 Re6 47.Bg5
Bc6 48.Rd8 Re8 49.Rxe8 Kxe8 50.Kd4 Kd7 51.Kc5 Kc7 52.Bf4+ Kb7 53.g3 Bd7 
54.b4 Ba4 55.c3 Bc2 56.b5 a5 57.Kd5 Bd3 58.a4 Bc2 59.c5 1-0

[Event "European zonal 2"]
[Site "Helsinki FIN"]
[Date "1972.??.??"]
[Round "2"]
[White "Saren, Ilkka"]
[Black "Jakobsen, Ole"]
[Result "1/2-1/2"]
[WhiteElo "2200"]
[BlackElo "2310"]
[EventDate "1972.07.25"]
[PlyCount "81"]

1.e4 c5 2.Nf3 e6 3.d4 cxd4 4.Nxd4 Nc6 5.Nb5 d6 6.c4 Nf6 7.N1c3 a6 8.Nd4 
Be7 9.Be2 O-O 10.Be3 Bd7 11.O-O Rc8 12.Rc1 Re8 13.f4 Nxd4 14.Qxd4 e5 15.
Qd3 Bc6 16.Nd5 Bxd5 17.exd5 Nd7 18.Bg4 Bf6 19.b3 Rc7 20.Bf5 g6 21.Bxd7 
Rxd7 22.f5 e4 23.Qd2 Be5 24.Bg5 Qb6+ 25.Be3 Qd8 26.g3 Qf6 27.Qf2 gxf5 28.
Qxf5 Qxf5 29.Rxf5 f6 30.Kg2 Kg7 31.g4 b5 32.cxb5 axb5 33.Rf2 Ra8 34.Rc6 
Rb7 35.h4 b4 36.Rfc2 Rb5 37.Rc7+ Kg8 38.Rc8+ Rxc8 39.Rxc8+ Kf7 40.Rc7+ Kg8
41.Rc8+ 1/2-1/2

[Event "European zonal 2"]
[Site "Helsinki FIN"]
[Date "1972.??.??"]
[Round "2"]
[White "Torvaldsson, Jonas"]
[Black "Matulovic, Milan"]
[Result "0-1"]
[WhiteElo "2390"]
[BlackElo "2525"]
[EventDate "1972.07.25"]
[PlyCount "78"]

1.Nf3 g6 2.g3 Bg7 3.Bg2 e5 4.d3 d6 5.c4 Nc6 6.Nc3 Nf6 7.Rb1 O-O 8.O-O Nh5 
9.b4 f5 10.b5 Ne7 11.Qb3 Kh8 12.Ba3 a6 13.c5 d5 14.c6 axb5 15.cxb7 Bxb7 
16.Bc5 c6 17.e4 d4 18.Ng5 dxc3 19.Nf7+ Rxf7 20.Qxf7 Bf6 21.d4 Qg8 22.Qxg8+
Nxg8 23.dxe5 Bxe5 24.exf5 gxf5 25.Bf3 Ng7 26.Rbe1 Bf6 27.Re2 Ra4 28.Bf8 
Rc4 29.Rd1 Bc8 30.Bxg7+ Kxg7 31.Rc2 Ne7 32.Rd6 f4 33.g4 Kf7 34.h3 Rc5 35.
Kf1 Be6 36.Ke1 h6 37.Be4 Nd5 38.Bxd5 Bxd5 39.Ke2 Ke7 0-1

[Event "European zonal 2"]
[Site "Helsinki FIN"]
[Date "1972.??.??"]
[Round "3"]
[White "Gheorghiu, Florin"]
[Black "Saren, Ilkka"]
[Result "1-0"]
[WhiteElo "2520"]
[BlackElo "2200"]
[EventDate "1972.07.25"]
[PlyCount "57"]

1.d4 Nf6 2.c4 e6 3.Nf3 Bb4+ 4.Nbd2 c5 5.a3 Bxd2+ 6.Qxd2 Ne4 7.Qc2 f5 8.
dxc5 Nxc5 9.b4 Ne4 10.Bb2 O-O 11.e3 b6 12.Bd3 Bb7 13.O-O a5 14.Nd2 Qh4 15.
f3 Ng5 16.Qc3 Qh6 17.Qd4 e5 18.Qxe5 Nc6 19.Qd5+ Kh8 20.Bxf5 Ne7 21.Qxb7 
Nxf5 22.f4 Nf7 23.Qf3 Qd6 24.Rf2 axb4 25.e4 bxa3 26.exf5 axb2 27.Rxa8 Kg8 
28.Rxf8+ Kxf8 29.Qa8+ 1-0

[Event "European zonal 2"]
[Site "Helsinki FIN"]
[Date "1972.??.??"]
[Round "3"]
[White "Jakobsen, Ole"]
[Black "Ogaard, Leif"]
[Result "1-0"]
[WhiteElo "2310"]
[BlackElo "2340"]
[EventDate "1972.07.25"]
[PlyCount "115"]

1.Nf3 c5 2.b3 d5 3.e3 Nf6 4.Bb2 e6 5.Bb5+ Bd7 6.Be2 Nc6 7.c4 Be7 8.O-O O-O
9.d3 Qc7 10.Nbd2 Rad8 11.Rc1 e5 12.cxd5 Nxd5 13.Nc4 f6 14.Qc2 Ndb4 15.Qb1 
Bf5 16.Rfd1 b5 17.Nh4 Be6 18.Nd2 Qb6 19.a3 Nd5 20.Nhf3 Nc7 21.Qc2 Na6 22.
d4 exd4 23.exd4 Nxd4 24.Nxd4 cxd4 25.b4 f5 26.Nf3 Bf6 27.Qd3 Rd5 28.Bxd4 
Bxd4 29.Nxd4 Rfd8 30.Rc6 Qxd4 31.Qxd4 Rxd4 32.Rxd4 Rxd4 33.Rxe6 Nc7 34.Re7
Rd2 35.Rxc7 Rxe2 36.Kf1 Ra2 37.Rxa7 f4 38.h4 g6 39.Kg1 Kh8 40.f3 Kg8 41.
Kh2 h5 42.Ra5 Kf7 43.Rxb5 Rxa3 44.Rd5 Ke6 45.Rg5 Kf6 46.Kg1 Rd3 47.Kf1 Rd4
48.b5 Kf7 49.Ke1 Kf6 50.Ke2 Kf7 51.Re5 Rb4 52.Kd3 Rb2 53.Rg5 Ke7 54.Kc4 
Kd7 55.Rxg6 Kc7 56.Kc5 Rc2+ 57.Kd5 Rb2 58.Ke5 1-0

[Event "European zonal 2"]
[Site "Helsinki FIN"]
[Date "1972.??.??"]
[Round "3"]
[White "Matanovic, Aleksandar"]
[Black "Torvaldsson, Jonas"]
[Result "1-0"]
[WhiteElo "2515"]
[BlackElo "2390"]
[EventDate "1972.07.25"]
[PlyCount "43"]

1.e4 c5 2.Nf3 e6 3.d4 cxd4 4.Nxd4 a6 5.Bd3 Qc7 6.O-O b5 7.a4 b4 8.Nd2 Bc5 
9.N2b3 Be7 10.Qe2 Nf6 11.f4 Nc6 12.Nxc6 Qxc6 13.e5 Nd5 14.f5 exf5 15.Bxf5 
O-O 16.Qd3 g6 17.Be4 Bb7 18.Bh6 f5 19.Bf3 Rfe8 20.Rad1 Bc5+ 21.Kh1 Rxe5 
22.Na5 1-0

[Event "European zonal 2"]
[Site "Helsinki FIN"]
[Date "1972.??.??"]
[Round "3"]
[White "Matulovic, Milan"]
[Black "Radulov, Ivan"]
[Result "1/2-1/2"]
[WhiteElo "2525"]
[BlackElo "2490"]
[EventDate "1972.07.25"]
[PlyCount "80"]

1.e4 c6 2.d4 d5 3.Nd2 dxe4 4.Nxe4 Nf6 5.Nxf6+ exf6 6.Bc4 Qe7+ 7.Qe2 Bg4 8.
f3 Be6 9.Bxe6 Qxe6 10.Bf4 Be7 11.c4 O-O 12.O-O-O Re8 13.Qxe6 fxe6 14.Nh3 
Nd7 15.Rhe1 Kf7 16.Bg3 Rad8 17.Nf2 Nf8 18.Ne4 Rd7 19.c5 f5 20.Nd6+ Bxd6 
21.Bxd6 Ng6 22.Kc2 Ne7 23.Bxe7 Rexe7 24.b4 g5 25.a3 Rd5 26.Re5 Red7 27.
Rxd5 Rxd5 28.Rd3 e5 29.Kc3 Ke6 30.Kc4 h5 31.g3 Rd7 32.h3 Rd8 33.a4 g4 34.
fxg4 h4 35.b5 Rd7 36.bxc6 bxc6 37.a5 a6 38.Rd2 Rd5 39.Rd3 Rd8 40.Rd2 Rd7 
1/2-1/2

[Event "European zonal 2"]
[Site "Helsinki FIN"]
[Date "1972.??.??"]
[Round "3"]
[White "Schmidt, Wlodzimierz"]
[Black "Robatsch, Karl"]
[Result "1-0"]
[WhiteElo "2450"]
[BlackElo "2460"]
[EventDate "1972.07.25"]
[PlyCount "113"]

1.c4 c5 2.Nf3 Nf6 3.Nc3 d5 4.cxd5 Nxd5 5.g3 Nc6 6.Bg2 Nc7 7.Qa4 Qd7 8.O-O 
e5 9.d3 f6 10.Nd2 Rb8 11.Bxc6 Qxc6 12.Qxc6+ bxc6 13.b3 Nb5 14.Bb2 Bh3 15.
Rfc1 Nd4 16.Ba3 Be7 17.f3 Bf5 18.Kf2 Ne6 19.Na4 Rb5 20.Rc4 Kf7 21.Rac1 Ra5
22.Ne4 Bxe4 23.dxe4 Rd8 24.Ke1 h5 25.e3 h4 26.g4 Rd7 27.Rd1 Ke8 28.Rxd7 
Kxd7 29.Ke2 Kc7 30.Bc1 Rb5 31.Bd2 Rb8 32.Be1 Rh8 33.Rc1 Kb7 34.Rd1 Kc7 35.
Nb2 g5 36.Nc4 Re8 37.h3 Kc8 38.Ba5 Bf8 39.Nd6+ Bxd6 40.Rxd6 Kb7 41.Rd7+ 
Ka6 42.Bc3 Kb6 43.Rf7 Rf8 44.Re7 Nc7 45.a4 Re8 46.Rf7 Re6 47.a5+ Kb7 48.f4
exf4 49.Bxf6 Rxe4 50.Bxg5 Rxe3+ 51.Kf2 Rxh3 52.Bxf4 Rxb3 53.Rxc7+ Ka6 54.
g5 h3 55.g6 Rb2+ 56.Kf3 Rg2 57.Bg3 1-0

[Event "European zonal 2"]
[Site "Helsinki FIN"]
[Date "1972.??.??"]
[Round "3"]
[White "Westerinen, Heikki"]
[Black "Hennings, Artur"]
[Result "1/2-1/2"]
[WhiteElo "2450"]
[BlackElo "2475"]
[EventDate "1972.07.25"]
[PlyCount "74"]

1.e4 e5 2.Nf3 Nc6 3.Bb5 a6 4.Ba4 Nf6 5.O-O Be7 6.Re1 b5 7.Bb3 d6 8.c3 O-O 
9.h3 Nb8 10.d3 Nbd7 11.Nbd2 Bb7 12.Nf1 Nc5 13.Bc2 Re8 14.Ng3 Bf8 15.b4 
Ncd7 16.d4 h6 17.a4 g6 18.Bd3 c6 19.Be3 Bg7 20.Qd2 Kh7 21.Rad1 Qc7 22.Qa2 
Re7 23.c4 exd4 24.Bxd4 c5 25.bxc5 Nxc5 26.axb5 axb5 27.Qb2 Nxd3 28.Rxd3 
bxc4 29.Rc1 Ne8 30.Bxg7 Nxg7 31.Qd4 Ne6 32.Qxd6 Qxd6 33.Rxd6 Nc5 34.Rxc4 
Nxe4 35.Nxe4 Bxe4 36.Nd2 Ra1+ 37.Kh2 Bf5 1/2-1/2

[Event "European zonal 2"]
[Site "Helsinki FIN"]
[Date "1972.??.??"]
[Round "4"]
[White "Andersson, Ulf"]
[Black "Westerinen, Heikki"]
[Result "1/2-1/2"]
[WhiteElo "2510"]
[BlackElo "2450"]
[EventDate "1972.07.25"]
[PlyCount "114"]

1.Nf3 d5 2.b3 Bf5 3.Bb2 e6 4.g3 Nf6 5.Bg2 Be7 6.O-O h6 7.d3 a5 8.a4 Na6 9.
Nbd2 Nc5 10.e3 O-O 11.Qe2 c6 12.Ne5 Qb6 13.Kh1 Qa6 14.f4 Bh7 15.Ndf3 Nfd7 
16.Ng4 Ne4 17.Rae1 Nef6 18.Nxf6+ Bxf6 19.Bxf6 Nxf6 20.Ne5 b5 21.g4 Qb7 22.
e4 Nd7 23.Nxd7 Qxd7 24.axb5 cxb5 25.exd5 exd5 26.f5 Rac8 27.Qd2 f6 28.Ra1 
a4 29.bxa4 bxa4 30.Rf4 d4 31.Qb4 Rfd8 32.Qxa4 Qxa4 33.Rxa4 Rxc2 34.h3 Rd2 
35.Bf1 g6 36.fxg6 Bxg6 37.Raxd4 Rxd4 38.Rxd4 Kf7 39.Kg1 h5 40.gxh5 Bxh5 
41.Rf4 Bg6 42.Rf3 Ke6 43.Re3+ Kd5 44.h4 Kd4 45.Re6 Kd5 46.Re7 Bh5 47.Rh7 
Bg6 48.Rg7 Bh5 49.Rh7 Bg6 50.Rg7 Bh5 51.Ra7 Kd6 52.Ra6+ Ke7 53.Ra7+ Kd6 
54.Ra6+ Ke7 55.Ra5 Bg6 56.Ra7+ Ke6 57.Ra3 Ke7 1/2-1/2

[Event "European zonal 2"]
[Site "Helsinki FIN"]
[Date "1972.??.??"]
[Round "4"]
[White "Gheorghiu, Florin"]
[Black "Ribli, Zoltan"]
[Result "1/2-1/2"]
[WhiteElo "2520"]
[BlackElo "2505"]
[EventDate "1972.07.25"]
[PlyCount "34"]

1.Nf3 g6 2.e4 Bg7 3.d4 d6 4.Nc3 Nf6 5.Be2 O-O 6.O-O c6 7.a4 a5 8.h3 Nfd7 
9.Be3 e5 10.dxe5 dxe5 11.Qd6 Na6 12.Bc4 Kh8 13.Rad1 Qe8 14.Rd2 Bf6 15.Bxa6
Rxa6 16.Rfd1 Ra8 17.Bg5 Bg7 1/2-1/2

[Event "European zonal 2"]
[Site "Helsinki FIN"]
[Date "1972.??.??"]
[Round "4"]
[White "Hecht, Hans-Joachim"]
[Black "Matulovic, Milan"]
[Result "1-0"]
[WhiteElo "2485"]
[BlackElo "2525"]
[EventDate "1972.07.25"]
[PlyCount "148"]

1.e4 c5 2.Nf3 Nc6 3.Bb5 g6 4.O-O Bg7 5.Re1 e5 6.Bxc6 dxc6 7.d3 Ne7 8.Be3 
b6 9.Nbd2 O-O 10.Nc4 f6 11.a4 a5 12.Nfd2 Be6 13.Qe2 Nc8 14.Rf1 g5 15.Rfd1 
Rf7 16.Nf1 Bf8 17.Bd2 Nd6 18.b3 Qc7 19.Ng3 Rd8 20.Ne3 Qc8 21.h3 h6 22.Nh5 
Ne8 23.Ng4 Bxg4 24.hxg4 Nc7 25.Ng3 Ne6 26.Be3 Rh7 27.Kh2 Bd6 28.Rh1 Nf4 
29.Qd1 Kf7 30.Kg1 Ng6 31.Nf5 Bf8 32.Bd2 Ne7 33.Ne3 Qe6 34.g3 Nc8 35.Nc4 
Bd6 36.Qf3 Rdh8 37.Rh5 Bc7 38.Bc3 Ke8 39.Kg2 Nd6 40.Ne3 Kd7 41.Rah1 Bd8 
42.Qd1 Be7 43.Bd2 Bf8 44.c3 Kc7 45.Qc2 Ne8 46.Nf5 Nd6 47.b4 axb4 48.cxb4 
cxb4 49.Bxb4 Nxf5 50.gxf5 Qe8 51.Bd2 c5 52.Be3 Kb8 53.g4 Rb7 54.Rb1 Rhh7 
55.Rb5 Qd8 56.Rh1 Rhd7 57.Rhb1 Bd6 58.Qb2 Qc8 59.Rxb6 Rxb6 60.Qxb6+ Qb7 
61.Qxb7+ Rxb7 62.Rxb7+ Kxb7 63.Kf3 Ka6 64.Bd2 Bc7 65.Ke2 Bb6 66.Be1 Kb7 
67.Kd1 Kc6 68.Kc2 Bc7 69.Kb3 Bd6 70.Kc4 Bc7 71.Bd2 Bd8 72.Be3 Be7 73.f3 
Bd6 74.a5 Bc7 1-0

[Event "European zonal 2"]
[Site "Helsinki FIN"]
[Date "1972.??.??"]
[Round "4"]
[White "Hennings, Artur"]
[Black "Schmidt, Wlodzimierz"]
[Result "0-1"]
[WhiteElo "2475"]
[BlackElo "2450"]
[EventDate "1972.07.25"]
[PlyCount "112"]

1.e4 c5 2.Nf3 e6 3.d4 cxd4 4.Nxd4 Nc6 5.Nc3 a6 6.Be3 Qc7 7.Bd3 b5 8.O-O 
Bb7 9.Nb3 d6 10.f4 Nf6 11.a4 b4 12.Nb1 a5 13.N1d2 Be7 14.Kh1 O-O 15.Qf3 e5
16.Nc4 exf4 17.Qxf4 Ne5 18.Bb6 Qb8 19.Nbxa5 Ba6 20.Bd4 Qc7 21.b3 Nfd7 22.
Qg3 Bd8 23.Bb2 Ng6 24.Rf5 Bc8 25.Rb5 Nc5 26.Bd4 Nd7 27.Rf1 Be7 28.Ne3 Nde5
29.Nd5 Qd8 30.Nxe7+ Qxe7 31.Nc4 Nxc4 32.bxc4 Rxa4 33.c5 b3 34.cxd6 Qe6 35.
c4 Rxc4 36.Rd5 Ra4 37.Bc5 Bb7 38.d7 Bxd5 39.Bxf8 Qxd7 40.exd5 Nxf8 41.d6 
Rd4 42.Bb1 Qe6 43.h3 Qe2 44.Rg1 Qc4 45.Re1 g6 46.Kh2 Qd5 47.Re3 h5 48.Qe5 
Qxe5+ 49.Rxe5 Rd1 50.Re8 Kg7 51.Be4 Re1 52.Re7 b2 53.Bxg6 Rxe7 54.dxe7 
Nxg6 55.e8=Q b1=Q 56.Qe2 Qf5 0-1

[Event "European zonal 2"]
[Site "Helsinki FIN"]
[Date "1972.??.??"]
[Round "4"]
[White "Radulov, Ivan"]
[Black "Matanovic, Aleksandar"]
[Result "1-0"]
[WhiteElo "2490"]
[BlackElo "2515"]
[EventDate "1972.07.25"]
[PlyCount "103"]

1.e4 e5 2.Nf3 Nc6 3.d4 exd4 4.Nxd4 Bc5 5.Nb3 Bb6 6.Nc3 Nf6 7.Bg5 d6 8.Qd2 
h6 9.Be3 O-O 10.O-O-O Qe7 11.f3 Bxe3 12.Qxe3 a5 13.Nd4 Nxd4 14.Qxd4 Re8 
15.g4 Qe5 16.Qd2 Qg5 17.Qxg5 hxg5 18.h4 Re5 19.hxg5 Rxg5 20.Rd2 g6 21.Rdh2
Kg7 22.Rh8 b6 23.Nd5 Nxd5 24.R1h7+ Kf6 25.Rf8 Bb7 26.Rfxf7+ Ke5 27.exd5 
Kd4 28.Rxc7 Bxd5 29.f4 Rxg4 30.Rhe7 Bxa2 31.c3+ Kd5 32.Bh3 Rg1+ 33.Kd2 Rh8
34.Be6+ Ke4 35.Bxa2+ Kxf4 36.Re2 g5 37.Rf7+ Kg3 38.Bd5 g4 39.Rf6 b5 40.
Rxd6 b4 41.cxb4 axb4 42.Kc2 Rf8 43.Rde6 Rd8 44.R6e5 Rf1 45.Kb3 Rf4 46.
R5e3+ Kh4 47.Bg2 Rdd4 48.Re4 Rfxe4 49.Bxe4 Kh3 50.Bg2+ Kg3 51.Bc6 Kf4 52.
Rc2 1-0

[Event "European zonal 2"]
[Site "Helsinki FIN"]
[Date "1972.??.??"]
[Round "4"]
[White "Robatsch, Karl"]
[Black "Jakobsen, Ole"]
[Result "1/2-1/2"]
[WhiteElo "2460"]
[BlackElo "2310"]
[EventDate "1972.07.25"]
[PlyCount "102"]

1.e4 c5 2.Nf3 e6 3.d4 cxd4 4.Nxd4 Nc6 5.Nb5 d6 6.c4 Nf6 7.N1c3 a6 8.Na3 
Be7 9.Be2 O-O 10.O-O b6 11.Be3 Bb7 12.Qb3 Nd7 13.Rac1 Nc5 14.Qc2 Bf6 15.
Rfd1 Qe7 16.Qb1 Nb4 17.Rd2 Rfd8 18.Rcd1 Rd7 19.Bf3 Be5 20.Nc2 Nc6 21.Nd4 
a5 22.g3 a4 23.Nxc6 Bxc6 24.Bd4 Qf6 25.Bg2 g5 26.Bxe5 Qxe5 27.Rd4 Rad8 28.
Qc1 Kh8 29.Qe3 g4 30.h3 gxh3 31.Bxh3 Rg8 32.Bg2 f5 33.f4 Qg7 34.Rxd6 Rxd6 
35.Rxd6 Bxe4 36.Nxe4 Nxe4 37.Bxe4 fxe4 38.Rxb6 Qxg3+ 39.Qxg3 Rxg3+ 40.Kf2 
Rh3 41.c5 Kg7 42.c6 Kf6 43.a3 h5 44.Rb4 Rh2+ 45.Kg3 Rc2 46.Rxa4 e3 47.Re4 
Rxb2 48.Rc4 h4+ 49.Kxh4 e2 50.Rc1 Rc2 51.Re1 Kf5 1/2-1/2